| 000 | 00481nam a2200181Ia 4500 | ||
|---|---|---|---|
| 008 | 231217s9999 xx 000 0 und d | ||
| 020 | _a8178811189 | ||
| 041 | _aEnglish | ||
| 082 | _a368 SEE.1;1 R | ||
| 100 | _aSeethapathi, K ed. Jawaharlal, U ed. Krishna, K ... [et al.] | ||
| 245 | 0 | _aGeneral insurance V.1 | |
| 250 | _a1st ed. | ||
| 260 |
_c2003 _bICFAI Press _aHyderabad |
||
| 300 | _aiv, 206 | ||
| 500 | _aContent page available | ||
| 650 | _aICFAI | ||
| 942 | _cAA | ||
| 999 |
_c181413 _d181413 |
||